| 000 | 01640nam a2200217Ia 4500 | ||
|---|---|---|---|
| 003 | Ost | ||
| 005 | 20260507075607.0 | ||
| 008 | 260507s9999||||xx |||||||||||||| ||und|| | ||
| 040 | _cfsecg | ||
| 041 | _aara | ||
| 082 | _a350.103 | ||
| 100 |
_aالغرباوي،علاء _eمؤلف |
||
| 245 | 0 |
_aالأساليب الكمية في الإدارة : _bمقدمة في التحليل الكمي - أساسيات تحليل القرار والتخاذه - شجرة القرارات ونظرية المنفعة - سلاسل ماركوف -نظرية المباريات -البرمجة الخطية -البرمجة بالأعداد الصحيحة -البرمجة الديناميكية -تحليل شبكات الأعمال / _cعلاء الغرباوي |
|
| 260 |
_aالإسكندرية: _bدار التعليم الجامعي, _c(د.ت) |
||
| 300 |
_a352 صفحة؛ _bإيضاحات ؛ _c24 سم |
||
| 504 | _aببليوغرافيا ص.351 | ||
| 520 | _aتناول هذا الكتاب الأساليب الكمية في الإدارة ، حيث قدم من خلال فصول دراسته مقدمة في التحليل الكمي و أساسيات تحليل القرار واتخاذه، و شجرة القرارات ونظرية المنفعة، كما تحدث عن سلاسل ماركوف و نظرية المباريات بالاضافة الى البرمجة الخطية والبرمجة بالأعداد الصحيحة والبرمجة الديناميكية وأخيرا تحليل شبكات الأعمال. | ||
| 653 | _aالإدارة - التحليل الكمي | ||
| 653 | _aالتحليل الكمي | ||
| 942 | _cكتاب | ||
| 999 |
_c45049 _d45049 |
||